000 00378nam a2200133Ia 4500
008 211118s9999||||xx |||||||||||||| ||und||
082 _a894.8123
_bMUK-K
100 _aMukundan, M
245 0 _aKesavante Vilapangal
260 _bD c Books
_aKottayam
_c1999
630 _xMalayalam NovelGeneral Stack
650 _aMalayalam Literature
_vMalayalam FictionGeneralia
942 _cBOOK
999 _c95449
_d95449